Quick Pick: Gods of War Quiz Stats

 Plays Quiz Updated Feb 22, 2018

Challenge
Share
Tweet
Embed
Score 0/6 Timer 00:30
3 Plays Today
% Correct
Ares
88.8%
Huitzilopochtli
85.4%
Mars
84.6%
Týr
75%
Anhur
67.3%
Belus
59.3%

Today's Daily Dose

You're not logged in!

Compare scores with friends on all Sporcle quizzes.
Join for Free
OR
Log In

You Might Also Like...

Show Comments

Extras

Top Quizzes Today


Score Distribution

Your Account Isn't Verified!

In order to create a playlist on Sporcle, you need to verify the email address you used during registration. Go to your Sporcle Settings to finish the process.

Report this User

Report this user for behavior that violates our Community Guidelines.

Details: